000 00224 a2200085 4500
020 _a9780367360122
100 _a Madhu Sarin
245 _aUrban Planning in the Third World The Chandigarh Experience
260 _b Routledge
_c 2021
999 _c13137
_d13137